Calles /

Bibliographic Details
Main Author: Bojórquez, Juan de Dios, 1892-
Format: Book
Language:Spanish
Published: [México, Distrito Federal] : [Impreso en los talleres A. Botas, e hijo, sucr], [1925]
Edition:2. ed.
Series:Hombres de México.
Subjects:

MARC

Tag First Indicator Second Indicator Subfields
LEADER 00000cam a2200000Ia 4500
001 in00002782274
005 20190207102646.0
008 120820s1925 mx c r 000 0bspa
035 |a (OCoLC)ocn851536097 
035 |a (OCoLC)851536097 
040 |a TXA  |b eng  |c TXA  |d UtOrBLW 
043 |a n-mx--- 
049 |a TXAM 
090 |a F1234.C1921  |b B6 1925a 
100 1 |a Bojórquez, Juan de Dios,  |d 1892- 
245 1 0 |a Calles /  |c Djed Bórquez. 
250 |a 2. ed. 
264 1 |a [México, Distrito Federal] :  |b [Impreso en los talleres A. Botas, e hijo, sucr],  |c [1925] 
300 |a 101 pages :  |b portrait ;  |c 19 cm. 
336 |a text  |b txt  |2 rdacontent 
337 |a unmediated  |b n  |2 rdamedia 
338 |a volume  |b nc  |2 rdacarrier 
490 1 |a Hombres de México 
500 |a The Cushing Library/Chapman Texas Collection copy is part of the Floyd & Louise Chapman Texas & Borderlands Collection.  |5 TXA 
533 |a Photocopy.  |b [S.l. :  |c s.n.,  |d 19--?]  |7 s19uu xx n r 
500 |a The Cushing Library/Texas & Borderlands copy is part of the Mexican Revolution Collection.  |5 TXA 
539 |a s  |b 19uu  |d xx  |g r 
563 |a Pages were cut and glued together. Bound in cloth.  |5 TXA 
600 1 0 |a Calles, Plutarco Elías,  |d 1877-1945. 
650 0 |a Presidents  |z Mexico  |v Biography. 
830 0 |a Hombres de México. 
948 |a cataloged  |b h  |c 2013/7/02  |d o  |e fpiscitelli  |f 5:39:35 pm 
994 |a C0  |b TXA 
999 |a MARS 
999 f f |s 7d0c02ba-c046-3982-a7f4-565cd5537f17  |i 8933168c-8e39-3c0d-a431-41e64020ac86  |t 0 
952 f f |p noncirc  |a Texas A&M University  |b College Station  |c Cushing Memorial Library & Archives  |d Cushing: Chapman Texas Collection (Does not check out)  |t 0  |e F1234.C1921 B6 1925a  |h Library of Congress classification  |i unmediated -- volume 
998 f f |a F1234.C1921 B6 1925a  |t 0  |l Cushing: Chapman Texas Collection (Does not check out)